000 00847nam a2200289 a 4500
001 000107952
003 CHAP
005 20220329143950.0
008 131122s2007 mx a |r| |||||||spa d
010 _a104414
011 _a105386
020 _a9789687420486
040 _cCHAP
082 0 4 _a658.406
_bB89
100 1 _aBrunsson, Nils
_9124702
245 1 3 _aLa reforma de las organizaciones /
_cpor Nils Brunsson y Johan P. Olsen.
260 _aMéxico, D.F. :
_bCIDE,
_c2007.
300 _a364 p. :
_bgráf., cuadro.
534 _pTít. original :
_tThe reforming organization
590 _aE11695DGD
_b10
_c20131125
_lUCH01
_h1049
590 _aE6096MTM
_b05
_c20131122
_lUCH01
_h1355
650 1 4 _aCambio organizacional
_xAdministración.
_917786
700 1 _aOlsen, Johan P.
_9124703
901 _aBK
942 _cLIBRO
942 _n0
999 _c104414
_d104414